Reglamento de los concursos avícolas de puesta, que bajo los auspicios de la Diputación de Barcelona se celebran en la Granja-Escuela de Agricultura de Caldas de Montbui : 1946 - 47 1946 - 47
Publicado:
Barcelona :
Diputación Provincial de Barcelona. Servicios Técnicos de Agricultura, [1947?]
Descripción Física:
10 p. ; 17 cm
MARC
| LEADER | 00000nam a2200000Ia 4500 | ||
|---|---|---|---|
| 001 | 9334 | ||
| 008 | 160829s9999 xx 000 0 cat d | ||
| 080 | |a FU-2-7 | ||
| 245 | |a Reglamento de los concursos avícolas de puesta, que bajo los auspicios de la Diputación de Barcelona se celebran en la Granja-Escuela de Agricultura de Caldas de Montbui : |b 1946 - 47 | ||
| 260 | |a Barcelona : |b Diputación Provincial de Barcelona. Servicios Técnicos de Agricultura, [1947?] | ||
| 300 | |a 10 p. ; |c 17 cm | ||
| 650 | |a Ous |x Producció |x Concursos |x Reglaments i procediment |9 21978 | ||
| 710 | 1 | |a Barcelona (Catalunya : Província). |b Servicios Técnicos de Agricultura |9 54614 | |
| 901 | |a Arxiu | ||
| 942 | |n 1 | ||
| 952 | |0 0 |1 0 |4 0 |6 FU27 |7 1 |9 41975 |a Arxiu |b Arxiu |d 2016-12-01 |l 0 |o FU-2-7 |p 9334 |r 2016-12-01 00:00:00 |w 2016-12-01 |y ARXIU | ||
| 999 | |c 44422 |d 44422 | ||